000 00510nam a2200205Ia 4500
003 OSt
005 20231012094554.0
008 210210b1973 xxu||||| |||| 00| 0 eng d
040 _cAL
041 _aEnglish
082 _a546 AGGM
100 _aAGGARWAL (R C).
_9137601
245 _aModern inorganic chemistry
260 _aAllahabad
_bKitab mahal
_c1973
300 _axii,962
650 _aInorganic Chemistry
_9137602
690 _aInorganic Chemistry
_9137602
906 _aCC00083
942 _2ddc
_cBK
999 _c109084
_d109084